LEBOR-NYA KERATON ACHEH / (Record no. 192478)

MARC details
000 -LEADER
fixed length control field 00862cam a2200301 n 4500
001 - CONTROL NUMBER
control field vtls000128845
003 - CONTROL NUMBER IDENTIFIER
control field PNM
005 - DATE AND TIME OF LATEST TRANSACTION
control field 20230712154225.0
008 - FIXED-LENGTH DATA ELEMENTS--GENERAL INFORMATION
fixed length control field 910225s1964 my g 000 f ind
020 ## - INTERNATIONAL STANDARD BOOK NUMBER
Qualifying information paperback
039 #9 - LEVEL OF BIBLIOGRAPHIC CONTROL AND CODING DETAIL [OBSOLETE]
Level of rules in bibliographic description 201908301534
Level of effort used to assign nonsubject heading access points noorul
040 ## - CATALOGING SOURCE
Original cataloging agency PNM
Language of cataloging eng
Transcribing agency PNM
Modifying agency PPAK
Description conventions rda
082 04 - DEWEY DECIMAL CLASSIFICATION NUMBER
Edition number 23
Classification number 899.2213
090 00 - LOCALLY ASSIGNED LC-TYPE CALL NUMBER (OCLC); LOCAL CALL NUMBER (RLIN)
Classification number (OCLC) (R) ; Classification number, CALL (RLIN) (NR) 899.2213
Feature heading MUT
Feature heading KWS
100 1# - MAIN ENTRY--PERSONAL NAME
Personal name Mutyara, A. G.,
Relator term author.
245 10 - TITLE STATEMENT
Title LEBOR-NYA KERATON ACHEH /
Statement of responsibility, etc. oleh A.G. Mutyara
264 #1 - PRODUCTION, PUBLICATION, DISTRIBUTION, MANUFACTURE, AND COPYRIGHT NOTICE
Place of production, publication, distribution, manufacture Kuala Lumpur :
Name of producer, publisher, distributor, manufacturer Angkatan Baru,
Date of production, publication, distribution, manufacture, or copyright notice 1964
300 00 - PHYSICAL DESCRIPTION
Extent 68 pages :
Dimensions 17 cm
336 ## - CONTENT TYPE
Content type term text
Source rdacontent
337 ## - MEDIA TYPE
Media type term unmediated
Source rdamedia
338 ## - CARRIER TYPE
Carrier type term volume
Source rdacarrier
440 #0 - SERIES STATEMENT/ADDED ENTRY--TITLE
Title Siri roman penghidupan
490 1# - SERIES STATEMENT
Series statement ROMAN PENGHIDUPAN
650 10 - SUBJECT ADDED ENTRY--TOPICAL TERM
Topical term or geographic name entry element Indonesian fiction
830 #0 - SERIES ADDED ENTRY--UNIFORM TITLE
Uniform title Roman penghidupan
942 ## - ADDED ENTRY ELEMENTS (KOHA)
Source of classification or shelving scheme Dewey Decimal Classification
Koha item type Book
949 ## - LOCAL PROCESSING INFORMATION (OCLC)
6 2000630433
e 2292
Holdings
Withdrawn Not for loan Current library Shelving location Date acquired Total Checkouts Full call number Barcode Date last seen Koha item type
  Not For Loan Perpustakaan Alor Setar Koleksi Wan Shamsudin 12/09/2023   KWS 899.2213 MUT KWS000419 12/09/2023 Book